| 000 | 00700nam a22002777a 4500 | ||
|---|---|---|---|
| 005 | 20251024170449.0 | ||
| 008 | 240216b |||||||| |||| 00| 0 eng d | ||
| 020 | _a9781009088015 | ||
| 041 | _aING | ||
| 082 | _a428 H884s2 | ||
| 100 | _aHuddleston, Rodney | ||
| 100 | _aK. Pullum, Geoffrey | ||
| 100 | _aReynolds, Brett | ||
| 245 | _aA student´s introduction to english grammar | ||
| 250 | _a2 edición | ||
| 260 | _aReino Unido | ||
| 260 | _bCambridge University Press | ||
| 260 | _c2022 | ||
| 300 | _a418 páginas | ||
| 490 | _aTemática General | ||
| 650 | _aINGLÉS | ||
| 650 | _aENSEÑANZA | ||
| 650 | _aGRAMÁTICA | ||
| 942 |
_2ddc _cBK |
||
| 999 |
_c13658 _d13658 |
||